000 00837cam a2200277 a 4500
008
020 _a9780521702539 (pbk.)
049 _aMAIN
090 _aTD257
_bGRA
100 1 _aGray, N. F.
245 1 0 _aDrinking water quality /
_cN.F. Gray.
250 _a2nd ed.
260 _aCambridge :
_bCambridge University Press,
_cc2008.
300 _axvi, 520 p. :
_bill. ;
_c26 cm.
500 _aOn cover: "Problems and solutions."
504 _aIncludes bibliographical references.
500 _aIncludes index.
650 0 _aDrinking water
_zGreat Britain.
650 0 _aWater quality
_zGreat Britain.
650 0 _aWater
_xPollution
_zGreat Britain.
907 _a.b10282737
_b13-10-10
_c08-09-10
003
005 20230123125043.0
040 _cNUST
942 _cBOOKS
_kTD257
_mGRA
999 _c134895
_d134895